| 000 | 00421nam a2200145Ia 4500 | ||
|---|---|---|---|
| 008 | 151021s9999 xx 000 0 und d | ||
| 020 | _a735606706 | ||
| 050 | _aQA 76.3 .M 528 2000 | ||
| 245 | _a_ Microsoft SQL server 7.0 Data Werehousing Training | ||
| 260 | _aU S A Microsoft press 2000 | ||
| 300 | _axxxiv,714p,;ill | ||
| 500 | _aIncludes Index | ||
| 650 | _a_Microsoft | ||
| 980 | _a^d20110117 12:22:39^okilerai | ||
| 999 |
_c6062 _d6062 |
||